[Event "Poikovsky Karpov 19th"]
[Site "Poikovsky"]
[Date "2018.05.31"]
[Round "5"]
[White "Vidit, Santosh Gujrathi"]
[Black "Gelfand, Boris"]
[Result "1/2-1/2"]
[WhiteElo "2707"]
[BlackElo "2695"]
[Annotator "Mekhitarian,K"]
[PlyCount "127"]
[EventDate "2018.05.27"]
[EventType "tourn"]
[EventRounds "9"]
[EventCountry "RUS"]
[EventCategory "18"]
[SourceTitle "CBM 185"]
[Source "ChessBase"]
[SourceDate "2018.07.13"]
[SourceVersion "1"]
[SourceVersionDate "2018.07.13"]
[SourceQuality "1"]

1. e4 c5 2. Nf3 Nc6 3. Bb5 g6 4. Bxc6 bxc6 $5 {The most fashionable move
recently. Black is provoking a double-edged position, as we will see later in
the game.} (4... dxc6 {is the more 'solid' approach. One of the typical
positions is this one:} 5. d3 Bg7 6. h3 Nf6 7. Nc3 Nd7 8. Be3 e5 9. Qd2 {
[%cal Re3h6,Gh7h6,Gd7f8,Gf8e6,Rf3h2,Rf2f4] White intends to exchange the
bishops, and at the same time will think about preparing the move f4, to
achieve better control in the centre. Meanwhile, Black has the option to play .
..h6 to stop Bh6, and also to play ...Nf8-e6, placing the knight on an
excellent square.}) 5. O-O Bg7 6. Re1 Nh6 $1 {Gelfand himself is a big
defender of this variation, according to my database he has played it 15 times
in official games (classical and other time controls)} (6... e5 $6 {now this
move is supposed to be slightly inferior for black:} 7. c3 $1 Ne7 8. d4 cxd4 9.
cxd4 exd4 10. Nxd4 O-O 11. Nc3 {White is somewhat more comfortable, with a
better pawn structure and nice pieces. On the other hand, Black has the bishop
pair, but he has to be watching all the time for weaknesses with the hanging
c6-d7 pawns.} Rb8 12. Nb3 Qc7 13. Bg5 d6 14. Qd2 Be6 15. Nd4 $14 {/+/-, 1-0 
(47) Delgado Ramirez,N (2611)-Matsuura,E (2485) Foz do Iguacu 2018 Even though
the game wasn't convincing later, White msnsged to achieve a better position
out of the opening.}) (6... Nf6 {allows yet another different setup from White:
} 7. e5 Nd5 8. c4 Nc7 9. d4 cxd4 10. Qxd4 $1 {bringing the queen over to h4}
Ne6 (10... O-O 11. Qh4 {threatening the simple Bh6, followed by Nc3, with a
huge advantage} f6 $1 12. Bd2 Ne6 13. Bc3 $14 {1-0 (32) Svetushkin,D (2574)
-Hirneise,J (2315) Hofheim 2017}) 11. Qh4 d6 12. exd6 Qxd6 13. Nc3 Bf6 14. Ne4
{looks drawish} (14. Qe4 $5 $146 {keeping the game going} O-O 15. Bh6 Re8 16.
Rad1 $36) 14... Bxh4 15. Nxd6+ exd6 16. Nxh4 f6 $1 {avoiding Bg5-f6} 17. Nf3
Kf7 18. Rd1 Rd8 $11 {½-½ (40) Hasangatin,R (2502)-Grachev,B (2647) Sochi
2018, and Black equalised comfortably.}) 7. c3 O-O 8. d4 (8. h3 {is more
popular recently.} f5 (8... d5 {is also possible, preparing a pawn sacrifice.}
9. d3 c4 $5 10. exd5 cxd5 11. dxc4 dxc4 12. Qxd8 (12. Qe2 $5 Nf5 13. Bf4 Bb7
14. Nbd2 Rc8 15. g4 e5 $2 (15... Qd5 $1 16. gxf5 Qxf5 $44) 16. Bxe5 Nh4 17.
Bxg7 Kxg7 18. Nxh4 Qxh4 19. Qe7 $1 $16 {1-0 (33) Areshchenko,A (2675)-Hracek,Z
(2594) Hungary 2017}) 12... Rxd8 13. Na3 Bb7 (13... Nf5 $5 14. Nxc4 Bb7 $44 {
It seems like Black is always able to sacrifice a pawn somehow in this
variation!}) 14. Bxh6 Bxh6 15. Nxc4 Bxf3 16. gxf3 Rac8 $44 {½-½ (25) Smirin,
I (2644)-Moiseenko,A (2671) Jerusalem 2017}) 9. e5 Nf7 {preparing d6 with a
clearly better position if White does nothing} 10. d3 (10. d4 cxd4 11. cxd4 Bb7
12. Na3 (12. Nc3 c5 13. d5 e6 $1 $132 {0-1 (40) Haria,R (2441)-Sankalp,G (2374)
Stockholm 2018}) 12... c5 $1 {with very good counterplay for Black} 13. dxc5
Rc8 14. Be3 Bxf3 15. Qxf3 Nxe5 16. Qd5+ e6 $13 {½-½ (29) Wang,H (2702)
-Gelfand,B (2729) Tbilisi 2017}) 10... d6 11. Bf4 Ba6 12. Na3 (12. Nbd2 $5 Bxd3
13. e6 Ne5 14. Nxe5 dxe5 15. Bxe5 Bxe5 16. Rxe5 c4 17. Qe1 Qb6 18. b4 $1 a5 19.
a3 $14 {1-0 (41) Zhigalko,S (2620)-Meribanov,V (2396) Minsk 2018}) 12... Rb8
13. b3 g5 14. Nxg5 Nxg5 15. Bxg5 dxe5 16. Nc4 e4 $1 $132 {½-½ (44)
Khismatullin,D (2632)-Gelfand,B (2695) Sochi 2018}) 8... cxd4 9. cxd4 d5 10. e5
f6 11. Qc2 $5 {Vidit comes up with a novelty in a popular position where many
moves are possible.} (11. e6 Qd6 $1 {is the precise move here, Black
immediately attacks the pawn and creates direct counterplay.} (11... Nf5 $6 12.
Bf4 $1 (12. Nc3 Qd6 $1 13. Qe2 c5 $5 $132 (13... Qb4 14. a3 Qb3 15. h4 a5 16.
Bf4 Ba6 17. Qd2 h5 18. Rac1 $13 {1-0 (34) Saric,I (2677)-Saric,A (2541) Pozega
2018})) 12... g5 13. Qc2 Nd6 14. Bxd6 Qxd6 15. Qf5 {[%csl Yc5][%cal Rb1d2,
Rd2b3,Rb1c3,Rc3a4] trying to achieve a blockade on the c-file with Nc3-a4, or
Nbd2, Rc1} Rb8 16. b3 $16 {½-½ (21) Solozhenkina,E (2230)-Kovalevskaya,E 
(2405) Moscow 2017}) 12. Qe2 Nf5 13. b3 Qb4 14. Ba3 Qa5 15. Qb2 Bh6 $132 {
1-0 (54) Antipov,M (2550)-Ganguly,S (2672) Monzon 2016}) (11. Nbd2 $5 fxe5 12.
Nxe5 Bxe5 13. dxe5 Qb6 14. Nf3 Nf5 15. Qc2 c5 16. b3 Bb7 $132 {1-0 (77)
Karthikeyan,M (2585)-Mamedov,R (2709) Moscow 2018}) (11. exf6 $5 exf6 12. Nbd2
Re8 13. h3 Nf7 14. Nb3 Bf5 15. Bf4 g5 16. Bh2 Qb6 17. Qd2 Bf8 $1 $11 {½-½ 
(42) Gharamian,T (2637)-Cornette,M (2581) Agen 2016}) 11... Bg4 (11... Qb6 $5 {
has to be tested here}) 12. Nbd2 Qb6 13. h3 fxe5 {Gelfand accepts the
challenge!} (13... Bf5 $6 {would allow White to achieve the dream position
controlling the c5-square} 14. Qc3 Nf7 15. Nb3 $16 {[%cal Gb3c5]}) (13... Bxf3
$5 14. Nxf3 Nf5 {[%cal Rf5d4] threatening on d4. White has many interesting
moves here, simply reinforcing the fact that 11.Qc2 has to be explored in
future games.}) 14. hxg4 Nxg4 15. Nc4 $5 (15. Qd3 $5 {a very hard move to
conceive - White wants to avoid ...d3 after Black plays ...exd4. And there is
an idea to place the queen on e2.} e4 (15... exd4 16. Rxe7 $16) (15... Rae8 16.
Qe2 {[%cal Rd4e5]} e4 17. Nxe4 dxe4 18. Qxe4 Nf6 19. Qe6+ Kh8 20. Re2 $16) 16.
Nxe4 dxe4 17. Rxe4 $16) 15... dxc4 16. Qxc4+ Kh8 17. Qe6 {[%csl Rg4]} Rf5 (
17... Nxf2 18. Kxf2 Qxd4+ (18... exd4 19. Kg1 $16) 19. Kg3 $16) (17... Rxf3 18.
gxf3 $16) 18. Re4 {[%csl Rg4]} Nf6 (18... Nxf2 $5 19. Kxf2 exd4 {wasn't good
enough} 20. Rb1 $1 $16 {preparing to develop the c1-bishop without losing the
b2-pawn.}) (18... Rxf3 19. gxf3 Nf6 20. Rxe5 {transposes to the game -- 18...
Nf6.}) 19. Rxe5 Rxf3 20. gxf3 Qxd4 (20... Nd5 $5 21. Re2 Rf8 $132) 21. Be3 Qxb2
22. Rc1 Rf8 23. Rxc6 Ng4 {[%csl Re5]} 24. Re4 Nxe3 25. Rxe3 Bf6 {Suddenly the
position has calmed down, and White maintains a big advantage, but it's not
that easy to convert. Exchanging rooks looks natural.} 26. Rc8 Rxc8 27. Qxc8+
Kg7 28. Qe6 Qc1+ 29. Kg2 Qc5 30. Re4 a5 31. f4 Qc2 32. f5 {trying to open up
the black king as much as possible.} g5 33. a4 Qd1 34. Rc4 h5 $1 {White is not
threatening much, but Black is looking for active counterplay, that seems like
a good idea.} 35. Qe4 g4 (35... h4 $1 {this counter-intuitive move was good
enough to balance the game. The idea is to put the king on a safe square (h6)
and force White to be careful with moves like ...h3+.} 36. Qg4 $6 h3+ 37. Kxh3
Qh1+ 38. Kg3 Be5+ 39. f4 Qg1+ {with a forced draw} 40. Kf3 Qd1+ 41. Kg3 Qg1+
42. Kf3 $11) 36. Rc7 (36. Rc5 $1 {attacking a5, and now if Black plays ...h4,
then 37.Rd5! wins right away.} h4 $2 37. Rd5 $1 $18) 36... Qd6 (36... h4 $1 37.
Rxe7+ {there was no need to defend against this, Black has enough counterplay
against the white king:} Bxe7 38. Qxe7+ Kg8 $1 39. f6 (39. Qxh4 Qf3+ 40. Kg1
Qxf5 $11) 39... Qd5+ 40. Kh2 Qf7 $1 41. Qd8+ Kh7 42. Qxa5 Kg6 43. Qe5 Qc4 44.
a5 Qc2 $1 $11) 37. Ra7 Qc5 38. Rd7 Qa3 39. Rd3 Qc5 40. Rd8 Qc3 41. Qe6 $6 (41.
Qd5 $1 $18 {threatening checkmate in two moves with Qg8+ and Qg6#. At the same
time, White keeps an eye on the f3-square} Kh6 42. Rg8 {[%cal Rg8g6,Rd5g8]} Bg7
{is the most stubborn defense} (42... Kh7 43. Rg6 $18 {forcing Black to play ..
.Qf3+, losing the endgame easily}) 43. Qe6+ Kh7 44. Rd8 $1 {the most precise,
so Black will not have ...Qd1+ after ...Qf3+} Qf3+ 45. Kg1 $18) 41... Kh6 $1
42. Rg8 Qf3+ 43. Kg1 Qd1+ $5 (43... h4 $1 {once again good enough for equality
- now Black has a very good flight square on h5, and also wants to play ...h3
at some point.} 44. Rh8+ (44. Rg6+ Kh5 $11) (44. Qe3+ $4 {is even losing for
White} Qxe3 45. fxe3 Kh5 $19 {followed by h3 and Kh4}) 44... Kg5 45. Qg8+ Kf4
$11 {is fine for Black, White has to be careful not to lose here.}) 44. Kh2 h4
45. Rg6+ Kh5 46. Rg7 $1 {[%cal Re6f7]} Kh6 (46... Bxg7 $4 47. Qg6#) (46... Qd6+
$5 {would give Black some drawing chances in the following endgame, but it may
be lost anyway:} 47. Qxd6 exd6 48. Ra7 Bc3 {[%cal Rh5g5]} 49. f6 Kg6 50. f7 Kg7
{still, I am not entirely sure what's happening, even with the help of the
computer! It says White wins, but the lines are not convincing} 51. Rc7 $1 $18)
(46... h3) 47. Rg6+ Kh5 48. Rg7 Kh6 49. Rxe7 Kg5 50. Re8 $2 (50. Qe3+ $1 Kxf5
51. Qe6+ Kg6 52. Rd7 Qf3 53. Kg1 $18 {White wins by a devastating attack, or
by exchanging queens.}) 50... Qc2 $2 (50... Qf3 $1 51. Rg8+ Kf4 $1 $11 {
a tough move to spot beforehand.}) 51. Qe3+ Kh5 (51... Kxf5 52. Qe6+ Kg5 53.
Rg8+ $18) 52. Qf4 $1 Qb3 53. Re3 {Doesn't spoil the win, but there was a
beautiful line with 53.Re6!} (53. Re6 $1 Qh3+ 54. Kg1 g3 55. Qf3+ $1 Kg5 56.
Qe3+ Kh5 57. Rxf6 $1 {with a pretty finish:} Qh2+ 58. Kf1 g2+ 59. Ke2 $18 {
and White delivers checkmate first!} g1=Q 60. Rh6+ Kg4 61. Qf3+ Kg5 62. Rg6#)
53... Qd1 54. Re6 Qf1 55. Re4 $1 (55. Rxf6 {allows a forced draw:} g3+ 56. fxg3
hxg3+ 57. Kxg3 (57. Qxg3 Qh1+ $1 58. Kxh1) 57... Qg2+ $1 58. Kxg2 $11) 55...
Qd1 56. Qc7 Kg5 $1 57. Qf4+ (57. Qh7 $1 {would demand a lot of courage and
precise calculation, but it wins:} Qd6+ (57... g3+ 58. Kg2 $18) 58. Kg2 $3 h3+
59. Kh1 Qd1+ 60. Kh2 Qd6+ 61. f4+ gxf3+ 62. Kxh3 $18 {a pretty amazing finish!
Forcing 58...h3+ to manoeuvre the king and then be able to take the pawn there
and hide from the checks.}) 57... Kh5 58. Re6 Qf1 $1 59. Qe3 $2 {Now Black
finally escapes.} (59. Re4 $1 $18 {going back to the position after the 55th
move.}) 59... Bg5 $1 60. Qd4 g3+ $1 61. fxg3 hxg3+ 62. Kxg3 Bf4+ $1 63. Qxf4
Qg2+ {A nice way to finish this crazy game.} 64. Kxg2 {Stalemate!} 1/2-1/2

[Event "Agua Preta op"]
[Site "Agua Preta"]
[Date "2017.11.26"]
[Round "5"]
[White "Mekhitarian, Krikor Sevag"]
[Black "Matsuura, Everaldo"]
[Result "0-1"]
[WhiteElo "2521"]
[BlackElo "2462"]
[Annotator "Mekhitarian,K"]
[PlyCount "110"]
[EventDate "2017.11.24"]
[EventType "swiss"]
[EventRounds "6"]
[EventCountry "BRA"]
[SourceTitle "CBM 182"]
[Source "ChessBase"]
[SourceDate "2018.01.17"]
[SourceVersion "1"]
[SourceVersionDate "2018.01.17"]
[SourceQuality "1"]

1. e4 c5 2. Nf3 Nc6 3. Bb5 g6 4. Bxc6 bxc6 5. O-O Bg7 6. Re1 e5 $6 {This
variation has a bad reputation, White plays simple chess and achieves a nice
strategic advantage.} (6... Nh6 {is the fashionable move nowadays} 7. c3 O-O 8.
h3 {the most popular in recent games} (8. d4 cxd4 9. cxd4 d5 10. e5 f6 {
and Black is supposed to have a great position. But there are games where
White was able to create interesting play:} 11. e6 $5 (11. h3 fxe5 12. Nxe5 {
positionally White is doing fantastic, but Black has a strong initiative} Qb6 {
threatening ...Nf5} 13. b3 Nf7 (13... Nf5 $2 14. Bb2 $16 {and Black is in big
trouble after Nd2-Ndf3}) 14. Bf4 Nd6 (14... Nd8 $5 {a very original novelty}
15. Be3 Ne6 $132 {threatening to take on e5 and play ...d4}) 15. Be3 Nf5 16.
Nc3 Bxe5 17. dxe5 Nxe3 18. fxe3 Be6 19. Na4 Qc7 20. Qd4 Rf5 21. Rac1 Qxe5 22.
Qxe5 Rxe5 23. Rxc6 $11 {1-0 (40) Fedorchuk,S (2621)-Blomqvist,E (2546) Minsk
2017, with an equal position, but White ended up winning.}) 11... Qd6 12. Qe2
a5 13. b3 Nf5 14. Ba3 Qf4 15. Nc3 Nxd4 16. Nxd4 Qxd4 17. Qc2 f5 18. Na4 $1 $44
{1-0 (44) Onischuk,V (2623)-Chu,W (2340) Bastia 2017, with great compensation.}
) 8... f5 $1 (8... d5 9. d3 c4 $1 {Black has to do something like this urgently
} 10. exd5 cxd5 11. dxc4 dxc4 12. Qe2 Nf5 13. Bf4 Bb7 14. Nbd2 Rc8 $2 15. g4 $1
e5 16. Bxe5 Nh4 17. Bxg7 Kxg7 18. Nxh4 Qxh4 19. Qe7 $1 $16 {1-0 (33)
Areshchenko,A (2675)-Hracek,Z (2594) Hungary 2017}) 9. e5 Nf7 10. d3 d6 11. Bf4
Ba6 12. e6 Ne5 13. Nxe5 dxe5 14. Bxe5 Bxe5 15. Rxe5 Qb8 16. Rxc5 Qxb2 17. Nd2
Bxd3 18. Qc1 Qxc1+ 19. Rxc1 $11 {1-0 (48) Amin,B (2700)-Neiksans,A (2586) Riga
2017, with a balanced endgame.}) 7. c3 $1 {White apparently does two
paradoxical things: he undoubles the c-pawns and opens the position for the
bishop pair. On the other hand, White will have a free game by developing all
his pieces to nice squares and there are potential weaknesses in the form of
c5 and d6.} Ne7 8. d4 cxd4 9. cxd4 exd4 10. Nxd4 O-O 11. Nc3 Rb8 12. Bf4 $5 {
Other simpler moves are possible as well:} (12. Nb3 d5 13. Be3 (13. Bf4 $5 $14)
13... dxe4 $1 14. Bc5 Bxc3 15. bxc3 Qxd1 16. Raxd1 Re8 17. Rxe4 Be6 {and Black
has an acceptable position} 18. c4 Rbd8 19. Rxd8 Rxd8 20. Rd4 Re8 21. g4 Nc8
$11 {1/2-1/2 (32) Kasparov,S (2482)-Stojanovic,M (2572) Vrnjacka Banja 2012}) (
12. Rb1 {allows} c5 $1 13. Ndb5 a6 {(and Nd6 is not possible now because of ...
Bxc3)} 14. Na3 Re8 $11 {when Black is fine.}) (12. h3 $5 {a useful move,
asking Black what he intends to do} c5 $6 13. Ndb5 $1 $14 {now heading to d6
because there is no pin on b1 anymore.}) 12... Rxb2 13. Bd6 Qa5 $2 {Now the
b2-rook hunting begins.} (13... c5 $1 {was necessary} 14. Bxc5 (14. Ndb5 Ba6 $1
15. Rb1 Rxb1 16. Qxb1 Re8 $13 {with a balanced position}) 14... d6 15. Ba3 Rb6
$11 {and it is not that simple to take advantage of the weak pawn, in such an
open position.}) 14. Re3 $1 {Threatening the knight on e7 - this is much
better than 14.Rc1 because it keeps the Qc1 option available.} Re8 15. Nb3 $1
Qg5 (15... Qh5 16. Qc1 $1 $18) 16. Ba3 $1 Rxb3 17. axb3 {White has a big
advantage now, and amazing control of the dark squares. My opponent now plays
the best try, to create a strong point on d4 for his bishop, and also to
prepare ...Bb7 later.} c5 $1 18. Rc1 (18. h4 $5 {didn't even cross my mind -
capturing the pawn on c5 was very important} Qxh4 (18... Qe5 {now the bishop
is not coming to d4} 19. Ra2 $5 $18 {following with Nd5}) 19. Bxc5 $18) (18.
Rd3 $5 {was a nice move, being ready to sacrifice on d4 as soon as a bishop
lands there} Bd4 (18... Nc6 19. Rd5 $18) 19. Rxd4 cxd4 20. Qxd4 Nc6 21. Qd6 $16
{we can't say that White is winning, but the play is very easy and Black will
be suffering a lot in this endgame.} Qe5 22. Qxe5 Rxe5 23. Nd5 Re6 24. f3 $16)
18... Bd4 19. Rg3 $6 {This seemingly natural move places my rook in an awkward
position if I'm not careful enough - I didn't realise that} (19. Re1 $1 {
was necessary.}) 19... Qf4 20. Rf3 $6 (20. Kh1 $3 {was difficult to find, now .
..Nc6 is not good because of Nd5.} Bxf2 $2 (20... Qxf2 21. Nb5 $1 $16) 21. Rf3
$18) 20... Qe5 {Now ...Nc6 is coming and Black has a strong initiative.} 21.
Nb5 Nc6 22. Nxd4 cxd4 $1 (22... Nxd4 $2 23. Re3 $18 {[%cal Gb3b4]}) 23. Qd2
Qxe4 24. Rf4 $2 (24. Bb2 $1 {was urgent, preparing Rf4:} Bb7 (24... Qe2 $2 25.
Qxe2 Rxe2 26. Bxd4 $1 $16 {now White should be winning}) 25. Rf4 Qd5 26. f3 $14
{holding everything, and threatening to take on d4.}) 24... Qe2 $1 $132 25.
Qxe2 Rxe2 {Suddenly I have to be very careful since my rook is out of play and
the d-pawn is dangerous.} 26. Rd1 Ba6 27. Rf6 Ra2 28. Bc1 Be2 29. Re1 Ne5 $6
30. Bg5 $2 (30. Rd6 $3 {provoking ...Nd3 was a superb practical chance:} f6 $1
(30... Nd3 $2 31. Bh6 $3 Nxe1 32. Rxd7 {Black doesn't have a nice way to
defend checkmate} f6 (32... Nf3+ $2 {goes nowhere} 33. gxf3 Ra1+ 34. Kg2 Bf1+
35. Kg3 $18) 33. Rg7+ Kf8 (33... Kh8 34. Rf7 $1 {followed by mate}) 34. Rxa7+
Ke8 35. Rxa2 $18) 31. h3 (31. Rxd4 $2 Nd3 $1 $17) 31... h5 $1 $13 {with
complicated play.} (31... Kf7 $2 32. Rxd4 Nd3 33. Rxd7+ $1 $18 {and Black has
problems hiding the king (either running into Rxd3 or Bh6)}) (31... Nd3 $2 32.
Bh6 $1 Kf7 (32... Nxe1 $4 33. Rxf6 $18) 33. Rb1 $16 {with d4 falling, White
may start playing for a win})) 30... h6 $1 31. Bxh6 Ng4 32. Rd6 Nxh6 33. Rxd4
Bb5 $19 {Now Black has a simple technical win, mostly because the strong pawn
on d7 with the bishop on c6 avoid any sort of counterplay with the white rooks.
} 34. g4 Bc6 35. h3 f6 36. Re8+ Kf7 37. Re1 Ng8 38. b4 Ne7 39. h4 Ra3 40. Kh2
Rf3 41. Re2 Nd5 42. b5 Bxb5 43. Ra2 Bc6 44. g5 Nf4 45. Kg1 fxg5 46. hxg5 Ne6
47. Rh4 Nxg5 48. Rxa7 Nh3+ 49. Kh2 Nxf2 50. Rd4 Ne4 51. Kg2 Rf2+ 52. Kg1 Re2
53. Rd1 Ng3 54. Raxd7+ Bxd7 55. Rxd7+ Re7 0-1

[Event "EU-ch 4th"]
[Site "Istanbul"]
[Date "2003.06.07"]
[Round "8"]
[White "Rublevsky, Sergei"]
[Black "McShane, Luke J"]
[Result "0-1"]
[WhiteElo "2670"]
[BlackElo "2592"]
[Annotator "Meyer,CD"]
[PlyCount "118"]
[EventDate "2003.05.30"]
[EventType "swiss"]
[EventRounds "13"]
[EventCountry "TUR"]
[SourceTitle "CBM 096"]
[Source "ChessBase"]
[SourceDate "2003.09.25"]
[SourceVersion "1"]
[SourceVersionDate "2003.09.25"]
[SourceQuality "1"]

1. e4 c5 2. Nf3 Nc6 3. Bb5 g6 4. Bxc6 dxc6 5. d3 Bg7 6. h3 Nf6 7. Nc3 Nd7 8.
Be3 e5 9. Qd2 h6 10. O-O (10. O-O-O $6 Qa5 $132) 10... Qe7 11. Nh2 Nf8 12. f4
exf4 13. Rxf4 Be6 14. Rf2 (14. Raf1 Nd7 15. R4f2 h5 $6 {xg5} (15... O-O-O $5)
16. Ne2 O-O 17. Bh6 $16 f6 18. Nf3 Qd6 19. Nh4 g5 (19... Kh7 20. Bxg7 Kxg7 21.
Nf4 $18) 20. e5 $3 $18 Nxe5 (20... Qxe5 21. Ng6 Qxb2 22. Bxg7 Kxg7 23. Nxf8
Rxf8 24. Nc3 {/\Rf1-b1}) (20... fxe5 $4 21. Qxg5) 21. Bxg7 Kxg7 22. Rxf6 $1
Rxf6 23. Qxg5+ Rg6 24. Nxg6 Nxg6 25. Rf6 {1:0, S. Rublevsky - S. Vokarev, Azov
1996, CBM 56/Makarichev}) 14... Nd7 15. Ne2 O-O-O {[#]} 16. Raf1 ({Ziemlich
dröge, aktiver wirkt} 16. Qa5 Kb8 17. Nf4 $5 {, z.B.:} Be5 (17... Bxb2 18. Rb1
Bd4 19. Bxd4 cxd4 20. Nf3 c5 21. Qb5 b6 22. a4) (17... Rdf8 18. Raf1 g5 19.
Nxe6 fxe6 20. b4 Rxf2 21. Bxf2) (17... g5 18. Nxe6 fxe6 19. Raf1 Qd6 (19...
Bxb2 $4 20. c3) (19... Rdf8 20. b4 {ist Zugumstellung zu Variante B}) 20. Qa3)
18. Raf1 Bc7 19. Qa3) 16... f6 (16... f5) 17. Nf3 (17. Qa5 Kb8 18. b4) 17... b6
18. Bf4 (18. b4 $1 $36 cxb4 19. Nfd4 Kb7 20. Nxe6 Qxe6 21. Qxb4) 18... h5 19.
Bh2 (19. b4) 19... Bh6 20. Nf4 Bf7 21. Nh4 $6 (21. Qc3) 21... Rdg8 22. Qc3 Kb7
23. Kh1 Rh7 24. a3 (24. Re1 Bg5 (24... Qd8 25. Ne2) 25. Nf3 Bxf4 26. Bxf4 g5
$40) 24... Qd8 $17 (24... f5 $17) 25. Ne2 (25. Nf3 g5 26. Ne2 g4 27. Ne5 gxh3
28. Nxf7 hxg2+ 29. Rxg2 Rxf7 30. Rxg8 Qxg8 $17) 25... Bg5 {Nachdem Weiß viel
zulange gezaudert, insbesondere den beachtenswerten Damenausfall nach a5 und
den Hebel b2-b4 ausgelassen hat, diktiert sein junger Gegner nun endgültig das
Gesetz des Handelns.} 26. g3 (26. Nf3 Be3) 26... Be6 27. Kg2 f5 28. Nf3 Bf6 29.
Qd2 g5 30. Ne1 h4 31. exf5 Bd5+ 32. Nf3 g4 $19 {[#] Ein Bild für die Götter!
Leider wird die Agonie nun (unnötig) in die Länge gezogen, vermutlich aus
Bedenkzeitgründen.} 33. hxg4 Rxg4 34. c4 hxg3 (34... Bxf3+ 35. Rxf3 Ne5 36. Rf4
Nxc4) 35. Bxg3 Bxf3+ 36. Kxf3 Qg8 37. Rg2 Ne5+ (37... Rh5) 38. Kf2 Rd7 39. d4
cxd4 40. Rfg1 Nxc4 41. Qd3 Ne3 (41... Nxb2 42. Qf3 d3) 42. Rh2 Rd5 43. Rh5 Bg5
44. Rgh1 Rxf5+ 45. Ke1 Ng2+ 46. Kd1 Ne3+ 47. Ke1 Qc4 48. Rh7+ Ka6 49. Qxc4+
Nxc4 50. Rd7 Ne3 51. Bb8 c5 52. a4 Ka5 53. Rxa7+ Kb4 54. Rhh7 Kb3 55. Ng3 Rf6
56. Rh2 Bh6 57. Rxh6 Rxh6 58. a5 Kc2 59. Be5 Ng2+ 0-1